[Event "4th London Classic Open"]
[Site "London ENG"]
[Date "2012.12.01"]
[Round "1.1"]
[White "Johansson,To"]
[Black "Melkumyan,H"]
[Result "0-1"]
[BlackTitle "GM"]
[WhiteElo "2100"]
[BlackElo "2649"]
[WhiteFideId "1703269"]
[BlackFideId "13302485"]
[EventDate "2012.12.01"]

1. g3 Nf6 2. Bg2 c5 3. e4 Nc6 4. c4 g6 5. Nc3 Bg7 6. Nge2 d6 7. d3 Bd7 8. f4 h5
9. h3 Qc8 10. Nd5 O-O 11. f5 Nxd5 12. cxd5 Ne5 13. Nf4 Bb5 14. O-O b6 15. fxg6
fxg6 16. Ne6 Rxf1+ 17. Bxf1 Bd7 18. Nxg7 Kxg7 19. Kh2 Qf8 20. Bf4 Qf6 21. Be2 h4
22. Qf1 Rh8 23. g4 Rf8 24. Be3 Nxg4+ 25. Bxg4 Qe5+ 0-1

[Event "4th London Classic Open"]
[Site "London ENG"]
[Date "2012.12.01"]
[Round "1.2"]
[White "Rowson,J"]
[Black "Steevensz,K"]
[Result "1-0"]
[WhiteTitle "GM"]
[WhiteElo "2586"]
[BlackElo "2096"]
[WhiteFideId "2400561"]
[BlackFideId "1009036"]
[EventDate "2012.12.01"]

1. d4 Nf6 2. c4 g6 3. Nc3 Bg7 4. e4 O-O 5. f3 d6 6. Nge2 e5 7. Be3 c6 8. Qd2 a6
9. O-O-O Nbd7 10. Kb1 b5 11. Nc1 Qc7 12. dxe5 dxe5 13. Nb3 Re8 14. Qd6 Qxd6 15.
Rxd6 Bf8 16. Rxc6 Nb8 17. Rxf6 1-0

[Event "4th London Classic Open"]
[Site "London ENG"]
[Date "2012.12.01"]
[Round "1.3"]
[White "Seymour,T"]
[Black "Van Kampen,R"]
[Result "0-1"]
[BlackTitle "GM"]
[WhiteElo "2093"]
[BlackElo "2570"]
[WhiteFideId "412112"]
[BlackFideId "1020854"]
[EventDate "2012.12.01"]

1. e4 e5 2. Nf3 Nc6 3. Bb5 a6 4. Ba4 Nf6 5. O-O Be7 6. d3 b5 7. Bb3 d6 8. a4 Bd7
9. axb5 axb5 10. Rxa8 Qxa8 11. c3 O-O 12. Re1 Na5 13. Bc2 c5 14. d4 cxd4 15.
cxd4 exd4 16. Nxd4 Re8 17. Bg5 h6 18. Bh4 b4 19. Nd2 Qa7 20. N2f3 Nc4 21. b3 Ne5
22. Bg3 Bd8 23. Qa1 Qxa1 24. Rxa1 Nh5 25. Ra7 Bb6 26. Rb7 Ra8 27. Kf1 Nxg3+ 28.
hxg3 Bc5 29. Nxe5 dxe5 30. Rxd7 Bxd4 31. Ke2 Ra1 32. g4 Rg1 33. f3 Rxg2+ 34. Kd3
Bc3 0-1

[Event "4th London Classic Open"]
[Site "London ENG"]
[Date "2012.12.01"]
[Round "1.4"]
[White "Hebden,M"]
[Black "Compton,A"]
[Result "1-0"]
[WhiteTitle "GM"]
[WhiteElo "2547"]
[BlackElo "2090"]
[WhiteFideId "400084"]
[BlackFideId "4300645"]
[EventDate "2012.12.01"]

1. d4 e6 2. Nf3 d5 3. c4 c5 4. cxd5 exd5 5. Bg5 Be7 6. Bxe7 Nxe7 7. dxc5 O-O 8.
e3 Qa5+ 9. Nbd2 Bg4 10. Be2 Bxf3 11. Bxf3 Qxc5 12. O-O Nbc6 13. Nb3 Qb6 14. Rc1
Rfd8 15. Qe2 Nb4 16. Rc5 Nxa2 17. Rb5 Qc7 18. Qd2 b6 19. Qd4 Qc6 20. Be2 Rdb8
21. Qe5 Ng6 22. Qxd5 Qxd5 23. Rxd5 Nb4 24. Rb5 a5 25. Bf3 Ra7 26. Nxa5 Rxa5 27.
Rxb4 Ne5 28. Be4 Kf8 29. Rc1 Ke7 30. f4 Ng4 31. Bf3 Nf6 32. Rc7+ Kf8 33. e4 b5
34. e5 Ne8 35. Rd7 Rc8 36. f5 Rc7 37. e6 fxe6 38. fxe6 Rc1+ 39. Kf2 Nf6 40. Rf7+ 1-0

[Event "4th London Classic Open"]
[Site "London ENG"]
[Date "2012.12.01"]
[Round "1.5"]
[White "Takahashi,R"]
[Black "Hillarp Persson,T"]
[Result "0-1"]
[BlackTitle "GM"]
[WhiteElo "2079"]
[BlackElo "2546"]
[WhiteFideId "7000880"]
[BlackFideId "1700812"]
[EventDate "2012.12.01"]

1. c4 g6 2. d4 Bg7 3. Nf3 d6 4. Nc3 Nf6 5. e4 O-O 6. Be2 Bg4 7. Be3 Nfd7 8. Ng1
Bxe2 9. Ngxe2 c5 10. O-O a6 11. Qd2 Nc6 12. f4 cxd4 13. Nxd4 Rc8 14. b3 Re8 15.
Rad1 Qa5 16. Nce2 Qxd2 17. Rxd2 Nf6 18. Ng3 Ng4 19. Nxc6 Nxe3 20. Rf3 Rxc6 21.
Rxe3 b5 22. cxb5 axb5 23. Rd5 Ra8 24. Re2 e6 25. Rd1 Rca6 26. Kf2 Bf8 27. Rdd2
Bh6 28. Kf3 e5 29. Rd5 Bxf4 30. Rxb5 Rxa2 31. Rd5 R2a3 32. Rb2 Rb8 33. Rd3 h5
34. Nf1 Rb6 35. Ne3 Bxe3 36. Kxe3 f5 37. b4 Rxd3+ 38. Kxd3 Kf7 39. exf5 gxf5 40.
Kc4 Ke6 41. b5 Rb8 42. b6 d5+ 43. Kc5 Rc8+ 44. Kb5 Kd6 45. b7 Rb8 46. Kb6 d4 47.
Ka7 Rxb7+ 48. Kxb7 d3 49. Kb6 e4 50. Rb3 d2 51. Rb1 e3 0-1

[Event "4th London Classic Open"]
[Site "London ENG"]
[Date "2012.12.01"]
[Round "1.6"]
[White "Gundavaa,B"]
[Black "Cannon,Ri"]
[Result "1-0"]
[WhiteTitle "IM"]
[WhiteElo "2530"]
[BlackElo "2071"]
[WhiteFideId "4901045"]
[BlackFideId "408670"]
[EventDate "2012.12.01"]

1. e4 e6 2. d3 d5 3. Nd2 Nf6 4. Ngf3 Bc5 5. e5 Nfd7 6. g3 Be7 7. Bg2 c5 8. O-O
Nc6 9. Re1 Qc7 10. Qe2 b5 11. h4 Bb7 12. Nf1 h6 13. Bf4 Nb6 14. c3 a6 15. b3 Na5
16. Rec1 c4 17. dxc4 dxc4 18. b4 Nc6 19. Rd1 Nd5 20. Rxd5 exd5 21. Ne3 Qd7 22.
Rd1 Na7 23. e6 Qxe6 24. Nd4 Qd7 25. Ndf5 Kf8 26. Nxd5 Qe6 27. Qxe6 fxe6 28.
Ndxe7 Bxg2 29. Ng6+ Kg8 30. Nfe7+ Kh7 31. Kxg2 Rhd8 32. Re1 Nc8 33. Rxe6 Nxe7
34. Nxe7 Rd7 35. Nc6 Rf8 36. Nd4 Ra8 37. h5 a5 38. a3 axb4 39. axb4 Rd5 40. Be5
Ra7 41. Kf3 Kg8 42. Ke4 Rad7 43. f4 Kf7 44. Rg6 Ke8 45. g4 1-0

[Event "4th London Classic Open"]
[Site "London ENG"]
[Date "2012.12.01"]
[Round "1.7"]
[White "Duncan,P"]
[Black "Holzke,F"]
[Result "1/2-1/2"]
[BlackTitle "GM"]
[WhiteElo "2071"]
[BlackElo "2521"]
[WhiteFideId "405787"]
[BlackFideId "4600428"]
[EventDate "2012.12.01"]

1. d4 Nf6 2. Nf3 g6 3. Bg5 Bg7 4. Nbd2 c5 5. Bxf6 Bxf6 6. Ne4 Bxd4 7. Nxd4 cxd4
8. Qxd4 O-O 9. c4 d6 10. Nc3 Nc6 11. Qd2 Be6 12. e4 f5 13. exf5 Rxf5 14. Be2 Ne5
15. b3 Qb6 16. O-O Raf8 17. Nd1 Rf4 18. Qe3 Qxe3 19. Nxe3 a5 20. Rad1 Re4 21.
Rfe1 Kg7 22. Bf1 Ref4 23. Rd2 b6 24. Red1 g5 25. h3 h6 26. Rc2 Rc8 27. Rcd2 Rf6
28. Nd5 Bxd5 29. Rxd5 Rc5 30. Be2 Rf8 31. R5d2 Ra8 32. g3 a4 33. Kg2 axb3 34.
axb3 Ra3 35. Rb2 Rc8 36. f4 gxf4 37. gxf4 Ng6 38. Kg3 Rca8 39. Bd3 Nf8 40. Bf5
Kf6 41. Bg4 R8a4 42. Rc1 Rb4 43. Rc3 Kf7 44. Bh5+ Kg7 45. Bg4 Kf6 46. Rf3 Ra5
47. Rc3 h5 48. Bd1 Ne6 49. Rd3 Ng7 50. Rdd2 Ra3 51. Ra2 Rxa2 52. Rxa2 b5 53.
cxb5 Rxb5 54. Ra8 Nf5+ 55. Kf2 h4 56. Rf8+ Kg7 57. Rc8 d5 58. Rd8 Nd6 59. Ke3
Rb4 60. Bc2 Rb7 61. Kd4 Rb4+ 62. Ke3 Rb7 63. Kd4 Rb4+ 64. Ke3 1/2-1/2

[Event "4th London Classic Open"]
[Site "London ENG"]
[Date "2012.12.01"]
[Round "1.8"]
[White "Radovanovic,J"]
[Black "Webster,R"]
[Result "1-0"]
[WhiteTitle "FM"]
[WhiteElo "2361"]
[BlackElo "1994"]
[WhiteFideId "915912"]
[BlackFideId "409162"]
[EventDate "2012.12.01"]

1. Nf3 Nf6 2. c4 e6 3. d4 b6 4. Nc3 Bb7 5. e3 Bb4 6. Bd3 O-O 7. O-O Bxc3 8. bxc3
d6 9. Nd2 Nbd7 10. e4 e5 11. f3 Re8 12. Rf2 Nh5 13. g3 g6 14. Nf1 Ng7 15. Ne3
Ne6 16. Bf1 h5 17. h4 Kg7 18. Rb1 c6 19. Ng2 Nf6 20. Be3 Qc7 21. Kh2 d5 22. dxe5
Qxe5 23. Bd4 Nxd4 24. cxd4 Qc7 25. cxd5 Rxe4 26. dxc6 Bxc6 27. Rc1 Rd8 28. fxe4
Ng4+ 29. Qxg4 hxg4 30. d5 1-0

[Event "4th London Classic Open"]
[Site "London ENG"]
[Date "2012.12.01"]
[Round "1.10"]
[White "Hawkins,Jo"]
[Black "Burke,J"]
[Result "1-0"]
[WhiteTitle "IM"]
[WhiteElo "2507"]
[BlackElo "2068"]
[WhiteFideId "412686"]
[BlackFideId "404322"]
[EventDate "2012.12.01"]

1. d4 d5 2. c4 e6 3. Nf3 Nf6 4. Nc3 Be7 5. Bg5 h6 6. Bh4 O-O 7. e3 b6 8. Be2 Bb7
9. Bxf6 Bxf6 10. cxd5 exd5 11. b4 c5 12. bxc5 bxc5 13. Rb1 Bc6 14. O-O Nd7 15.
Bb5 Qc7 16. Qd3 Rfd8 17. Rfc1 Rab8 18. a4 g6 19. dxc5 Nxc5 20. Qc2 Ne6 21. Qd2
Ba8 22. Ne2 Qe7 23. Ned4 Nxd4 24. Nxd4 Bb7 25. Qa5 a6 26. Bd3 Rdc8 27. Rxc8+
Rxc8 28. Qb6 Rc7 29. a5 Kg7 30. h3 Bc8 31. Nc6 Qd6 32. Nb4 Qe5 33. f4 Qc3 34.
Nxd5 Qxd3 35. Nxc7 Bd7 36. Kh2 Qe4 37. Nxa6 Bc6 38. Rg1 g5 39. Nc5 Qe8 40. a6
gxf4 41. exf4 Bd4 42. Ne6+ Qxe6 43. Qxd4+ Kh7 44. Rc1 Qg6 45. Rxc6 Qxc6 46. a7
Qb7 47. Qa4 Qa8 48. Qc2+ Kg7 49. Qc7 1-0

[Event "4th London Classic Open"]
[Site "London ENG"]
[Date "2012.12.01"]
[Round "1.12"]
[White "Arkell,K"]
[Black "Bass,J"]
[Result "1-0"]
[WhiteTitle "GM"]
[WhiteElo "2470"]
[BlackElo "2065"]
[WhiteFideId "400270"]
[BlackFideId "407925"]
[EventDate "2012.12.01"]

1. d4 Nf6 2. Nf3 e6 3. c4 d5 4. cxd5 exd5 5. Nc3 Be7 6. Bg5 c6 7. e3 O-O 8. Bd3
Nbd7 9. Qc2 Re8 10. O-O Nf8 11. h3 Ng6 12. Bxf6 Bxf6 13. b4 a6 14. a4 Be6 15.
Rfc1 Be7 16. b5 axb5 17. axb5 Rxa1 18. Rxa1 c5 19. dxc5 Bxc5 20. Ne2 Qf6 21. Rd1
Rc8 22. Bxg6 hxg6 23. Qd3 Bb6 24. Nf4 Rc5 25. Nxe6 Qxe6 26. Qb3 Qd7 27. Qa4 Qc8
28. h4 Bd8 29. g3 Bf6 30. Kg2 Kf8 31. Qb3 Qe6 32. Qb4 Be7 33. Qa4 Rc8 34. Qa2
Rd8 35. Qa7 Qc8 36. Rd2 Bc5 37. Qa2 Qe6 38. Qc2 Bb6 39. Ng5 Qf5 40. Qd1 Qd7 41.
Qb3 Kg8 42. Nh3 d4 43. Nf4 Qf5 44. exd4 Rxd4 45. Re2 Qd7 46. Nxg6 Rd2 47. Ne5
Qd5+ 48. Qxd5 Rxd5 49. Nc4 Rxb5 50. Re8+ Kh7 51. Re7 Bd4 52. Rxf7 Rb4 53. Nd6 b5
54. Rf5 Rb2 55. Ne4 b4 56. Rd5 Bf6 57. Nxf6+ gxf6 58. Rb5 b3 59. Rb7+ Kg6 60. g4
Rb1 61. Kg3 b2 62. Kf4 Kh6 63. Kf5 1-0

[Event "4th London Classic Open"]
[Site "London ENG"]
[Date "2012.12.01"]
[Round "1"]
[White "Whitehead,D"]
[Black "Cherniaev,A1"]
[Result "0-1"]
[BlackTitle "GM"]
[WhiteElo "2059"]
[BlackElo "2460"]
[WhiteFideId "406813"]
[BlackFideId "4117301"]
[EventDate "2012.12.01"]

1. e4 c5 2. Nf3 d6 3. d4 cxd4 4. Nxd4 Nf6 5. Nc3 g6 6. Be3 Bg7 7. f3 a6 8. Bc4
Nbd7 9. Qd2 b5 10. Bb3 Nc5 11. O-O-O Bb7 12. Bh6 Bxh6 13. Qxh6 Nxb3+ 14. Nxb3
Qc7 15. e5 dxe5 16. Rhe1 Nd7 17. Qg7 Rf8 18. Qxh7 O-O-O 19. Ne4 Kb8 20. Ng5 Rc8
21. Re2 Qc4 22. Red2 Nf6 23. Qg7 Rfd8 24. c3 Bd5 25. Ne4 Rg8 26. Qh6 Bxe4 27.
fxe4 Qxe4 28. Qh3 b4 29. Rd3 bxc3 30. Rxc3 Nd5 31. Nc5 Qf4+ 32. Kc2 Nxc3 33.
Qxc3 Rxc5 34. Qxc5 Rc8 35. Rd8 Qf2+ 0-1

[Event "4th London Classic Open"]
[Site "London ENG"]
[Date "2012.12.01"]
[Round "1"]
[White "McDonald,N"]
[Black "Siddharth,Gopakumar"]
[Result "1-0"]
[WhiteTitle "GM"]
[WhiteElo "2454"]
[BlackElo "2054"]
[WhiteFideId "400629"]
[BlackFideId "5053463"]
[EventDate "2012.12.01"]

1. e4 e5 2. Nf3 Nc6 3. Bb5 Nf6 4. Qe2 a6 5. Ba4 Bc5 6. c3 d6 7. d3 b5 8. Bc2 O-O
9. Nbd2 Bg4 10. h3 Bh5 11. g4 Bg6 12. Nf1 d5 13. Ng3 dxe4 14. dxe4 Nd7 15. h4 f6
16. h5 Bf7 17. Nf5 Ne7 18. N3h4 Re8 19. Rg1 Nxf5 20. gxf5 Kh8 21. Qg4 Rg8 22.
Ng6+ Bxg6 23. hxg6 h6 24. Bxh6 1-0

[Event "4th London Classic Open"]
[Site "London ENG"]
[Date "2012.12.01"]
[Round "1"]
[White "De Coverly,R"]
[Black "Kiik,K"]
[Result "0-1"]
[BlackTitle "IM"]
[WhiteElo "2038"]
[BlackElo "2437"]
[WhiteFideId "405213"]
[BlackFideId "4500075"]
[EventDate "2012.12.01"]

1. e4 c5 2. Nf3 e6 3. d3 Nc6 4. g3 g6 5. Bg2 Bg7 6. O-O Nge7 7. Re1 d6 8. Nc3 h6
9. Bd2 O-O 10. a3 Kh7 11. Rb1 a5 12. a4 e5 13. h3 Nb4 14. Nb5 Be6 15. Bc1 Qd7
16. Kh2 Nbc6 17. c3 d5 18. Qe2 Rad8 19. Nd2 f5 20. exd5 Bxd5 21. Nc4 Bxg2 22.
Kxg2 f4 23. gxf4 exf4 24. Qf3 Qxd3 25. Qxd3 Rxd3 26. Nc7 g5 27. Ne6 Rf5 28. Nxg7
Kxg7 29. b3 Ng6 30. Bb2 Nh4+ 31. Kf1 Rxh3 32. Ke2 Kg6 33. Red1 Rf6 34. Rd5 Re6+
35. Kd2 Nf3+ 36. Kc2 Re2+ 37. Nd2 Rh2 38. Rd1 Rexf2 39. Bc1 Nce5 40. Kb1 Nxd2+
41. Bxd2 Rxd2 42. R1xd2 Rxd2 43. Rxd2 Kf5 44. Kc2 g4 45. Rd8 g3 46. Rf8+ Kg5 47.
Re8 Ng6 48. Kd2 g2 49. Re1 Kg4 0-1

[Event "4th London Classic Open"]
[Site "London ENG"]
[Date "2012.12.01"]
[Round "1"]
[White "Shaw,J"]
[Black "Jyothilal,N"]
[Result "1-0"]
[WhiteTitle "GM"]
[WhiteElo "2435"]
[BlackElo "2038"]
[WhiteFideId "2400553"]
[BlackFideId "5002605"]
[EventDate "2012.12.01"]

1. e4 c5 2. f4 d5 3. Bb5+ Bd7 4. Bxd7+ Qxd7 5. d3 dxe4 6. dxe4 Qxd1+ 7. Kxd1 Nc6
8. Be3 e6 9. Nf3 Nf6 10. Nbd2 Be7 11. Ke2 O-O-O 12. c3 h6 13. Rhf1 Rhf8 14. h3
Nh5 15. Rg1 f5 16. e5 Ng3+ 17. Kf2 Ne4+ 18. Ke2 Ng3+ 19. Kf2 Ne4+ 20. Ke1 Ng3
21. Rd1 Rd5 22. Nf1 Nxf1 23. Rxf1 Rfd8 24. Rxd5 exd5 25. g4 d4 26. cxd4 cxd4 27.
Bd2 fxg4 28. hxg4 Rd5 29. Ke2 g5 30. Kd3 gxf4 31. Ke4 Rd8 32. Bxf4 Bf8 33. Rd1
Bg7 34. Nxd4 Ne7 35. Rc1+ Kd7 36. Nf5 1-0

[Event "4th London Classic Open"]
[Site "London ENG"]
[Date "2012.12.01"]
[Round "1"]
[White "Kreuzer,C"]
[Black "Lee,Ka"]
[Result "0-1"]
[WhiteElo "1977"]
[BlackElo "2165"]
[WhiteFideId "470589"]
[BlackFideId "5802920"]
[EventDate "2012.12.01"]

1. e4 Nf6 2. e5 Nd5 3. d4 d6 4. c4 Nb6 5. f4 dxe5 6. fxe5 Nc6 7. Be3 Bf5 8. Nc3
e6 9. Nf3 Bg4 10. Be2 Bxf3 11. gxf3 Qh4+ 12. Bf2 Qf4 13. Qc1 Qxc1+ 14. Rxc1
O-O-O 15. Rd1 h6 16. h4 Bb4 17. f4 Na4 18. Rh3 g5 19. d5 exd5 20. cxd5 Ne7 21.
Bxa7 h5 22. Bb5 Nxb2 23. d6 Nxd1 24. Kxd1 cxd6 25. e6 fxe6 26. hxg5 Bc5 27. Bxc5
dxc5+ 28. Kc2 Ng6 29. Ne2 Rdf8 30. Bc4 Nxf4 31. Nxf4 Rxf4 32. Bxe6+ Kc7 33. g6
Rf2+ 34. Kc3 Rg2 35. Bf7 h4 36. Kc4 Rg4+ 37. Kb5 b6 38. a3 Ra8 0-1

[Event "4th London Classic Open"]
[Site "London ENG"]
[Date "2012.12.01"]
[Round "1"]
[White "Hanley,C"]
[Black "Carlile,Orison"]
[Result "1-0"]
[WhiteTitle "IM"]
[WhiteElo "2412"]
[BlackElo "2016"]
[WhiteFideId "408514"]
[BlackFideId "2504120"]
[EventDate "2012.12.01"]

1. c4 e6 2. d4 f5 3. g3 Nf6 4. Bg2 Be7 5. Nf3 O-O 6. O-O d6 7. b4 Qe8 8. Bb2 Nc6
9. b5 Nd8 10. Nbd2 Qh5 11. Ne1 d5 12. Nd3 g5 13. f3 Bd7 14. a4 c6 15. Qb3 Nf7
16. Rae1 f4 17. gxf4 gxf4 18. Nxf4 Qh6 19. e3 Bd6 20. Ba3 Bxf4 21. exf4 Rfe8 22.
Rf2 Nh5 23. Nf1 Qxf4 24. Ne3 Qxd4 25. Bb2 Qc5 26. f4 d4 27. Ng4 e5 28. Ba3 Qb6
29. c5 Qc7 30. Nh6+ 1-0

[Event "4th London Classic Open"]
[Site "London ENG"]
[Date "2012.12.01"]
[Round "1"]
[White "Ditmas,H"]
[Black "Sarakauskas,G"]
[Result "0-1"]
[BlackTitle "IM"]
[WhiteElo "2011"]
[BlackElo "2408"]
[WhiteFideId "1270666"]
[BlackFideId "12800724"]
[EventDate "2012.12.01"]

1. d4 d6 2. c4 e5 3. Nf3 e4 4. Ng5 f5 5. Nc3 h6 6. Nh3 g5 7. e3 Nf6 8. Be2 Bg7
9. O-O O-O 10. Qc2 Nc6 11. a3 Kh8 12. f3 exf3 13. Bxf3 Ne7 14. Nf2 d5 15. cxd5
Nfxd5 16. Nd3 f4 17. Nxd5 Nxd5 18. Bxd5 Qxd5 19. Qc5 Qxc5 20. Nxc5 b6 21. Nd3
Ba6 22. Rd1 Rad8 23. Nb4 Bb7 24. Bd2 c5 25. dxc5 bxc5 26. Nc2 f3 27. Bc3 f2+ 0-1

[Event "4th London Classic Open"]
[Site "London ENG"]
[Date "2012.12.01"]
[Round "1"]
[White "Zymberi,As"]
[Black "Millward,K"]
[Result "1-0"]
[WhiteElo "2154"]
[BlackElo "1969"]
[WhiteFideId "4700295"]
[BlackFideId "404721"]
[EventDate "2012.12.01"]

1. d4 g6 2. c4 Bg7 3. e4 d6 4. Nc3 e5 5. Nge2 Nc6 6. Be3 f5 7. exf5 Bxf5 8. d5
Nce7 9. Ng3 Nf6 10. Be2 Qd7 11. f3 h6 12. h4 O-O 13. Qd2 Kh7 14. h5 g5 15. Bd3
Bxd3 16. Qxd3+ Kg8 17. Nce4 Nh7 18. O-O-O Nf5 19. Nxf5 Qxf5 20. c5 Rfd8 21. cxd6
cxd6 22. Kb1 Nf6 23. Rc1 Nxe4 24. Qxe4 Qxe4+ 25. fxe4 Rd7 26. Rc4 b6 27. Kc2 Kf7
28. Kd3 Rb8 29. a4 Bf6 30. Rc6 Bd8 31. Rhc1 Rbb7 32. Bd2 Rbc7 33. Bb4 Rxc6 34.
dxc6 Re7 35. Bxd6 Re6 36. Bb8 1-0

[Event "4th London Classic Open"]
[Site "London ENG"]
[Date "2012.12.01"]
[Round "1"]
[White "Casaschi,Paolo"]
[Black "Houska,Jo"]
[Result "1/2-1/2"]
[BlackTitle "IM"]
[WhiteElo "2005"]
[BlackElo "2396"]
[WhiteFideId "824895"]
[BlackFideId "405094"]
[EventDate "2012.12.01"]

1. e4 c6 2. Nc3 d5 3. Qf3 e6 4. d4 Nf6 5. e5 Nfd7 6. Bf4 c5 7. dxc5 Nc6 8. Qg3
Nxc5 9. O-O-O Bd7 10. Be3 Qa5 11. Kb1 a6 12. Nge2 g6 13. Nd4 Rc8 14. f4 b5 15.
Bd3 Nb4 16. Qf2 Nbxd3 17. cxd3 b4 18. Nce2 Be7 19. g4 f6 20. Nc1 O-O 21. Nf3 Qb5
22. h4 b3 23. Bxc5 bxa2+ 24. Nxa2 Rxc5 25. g5 fxe5 26. Nxe5 Bd6 27. d4 Bxe5 28.
dxe5 Rc4 29. Rd4 Qb6 30. Rhd1 Rfc8 31. Qd2 Ba4 32. Rxc4 Rxc4 33. Rc1 Bb3 34.
Rxc4 Bxc4 35. Nc1 Qg1 36. Qa5 Bd3+ 37. Ka2 Qxc1 1/2-1/2

[Event "4th London Classic Open"]
[Site "London ENG"]
[Date "2012.12.01"]
[Round "1"]
[White "Gullaksen,E"]
[Black "Gschwendtner,S"]
[Result "1-0"]
[WhiteTitle "IM"]
[WhiteElo "2384"]
[BlackElo "2004"]
[WhiteFideId "1500945"]
[BlackFideId "307297"]
[EventDate "2012.12.01"]

1. d4 Nf6 2. c4 g6 3. Nc3 d5 4. Nf3 Bg7 5. Qb3 dxc4 6. Qxc4 O-O 7. e4 a6 8. Be2
b5 9. Qb3 c5 10. dxc5 Be6 11. Qc2 Nbd7 12. Be3 b4 13. Na4 Qa5 14. O-O Nxe4 15.
c6 Ndf6 16. Bb6 b3 17. Qxe4 Nxe4 18. Bxa5 bxa2 19. Nd2 Nxd2 20. Bxd2 Rfd8 21.
Be3 Bd4 22. Nb6 Bxb2 23. c7 Rdc8 24. Nxa8 Bxa1 25. Rxa1 Rxa8 26. Bf3 Rf8 27. Bc5
Kg7 28. Bxe7 Re8 29. Bd8 Bf5 30. g4 Be6 31. Rxa2 1-0

[Event "4th London Classic Open"]
[Site "London ENG"]
[Date "2012.12.01"]
[Round "1"]
[White "Walinga,E"]
[Black "Crouch,C"]
[Result "0-1"]
[BlackTitle "IM"]
[WhiteElo "2004"]
[BlackElo "2382"]
[WhiteFideId "1011898"]
[BlackFideId "400947"]
[EventDate "2012.12.01"]

1. e4 e5 2. Nf3 Nc6 3. Bb5 Nf6 4. O-O Nxe4 5. d4 Nd6 6. Bxc6 dxc6 7. dxe5 Nf5 8.
Qxd8+ Kxd8 9. Nc3 Bb4 10. Ne4 h6 11. b3 Be6 12. Bb2 Kc8 13. h3 Bd5 14. Ned2 Rd8
15. Rad1 a5 16. c4 Be6 17. Ne4 a4 18. g4 Ne7 19. a3 Ba5 20. Rxd8+ Kxd8 21. b4
Bb6 22. c5 Ba7 23. Nd4 b6 24. Rd1 Ke8 25. Nd6+ cxd6 26. exd6 Nd5 27. Nxc6 bxc5
28. Bxg7 cxb4 29. axb4 a3 30. Ne5 a2 31. d7+ Ke7 32. Ra1 Nxb4 0-1

[Event "4th London Classic Open"]
[Site "London ENG"]
[Date "2012.12.01"]
[Round "1"]
[White "Rendle,T"]
[Black "Wan Nawawi,W"]
[Result "1-0"]
[WhiteTitle "IM"]
[WhiteElo "2381"]
[BlackElo "2001"]
[WhiteFideId "408760"]
[BlackFideId "5704022"]
[EventDate "2012.12.01"]

1. e4 c5 2. Nf3 d6 3. c3 Nc6 4. d4 cxd4 5. cxd4 Nf6 6. Nc3 e6 7. d5 Ne5 8. Nxe5
dxe5 9. Bb5+ Bd7 10. dxe6 fxe6 11. Qb3 Qe7 12. Bg5 O-O-O 13. O-O Kb8 14. Rad1
Bc8 15. Bc4 Rxd1 16. Rxd1 Qb4 17. Bxe6 Qxb3 18. Bxb3 Bc5 19. Bh4 a6 20. Bg3 Re8
21. Bd5 g6 22. Bf7 Re7 23. Nd5 Nxd5 24. Bxd5 Bg4 25. Rd2 Kc7 26. Bg8 h6 27. Kf1
b5 28. f3 Bd7 29. Bb3 Bc6 30. Bd5 Kb6 31. Bxc6 Kxc6 32. Rd8 Bd4 33. b3 Kc5 34.
Rd5+ Kb4 35. Rxd4+ 1-0

[Event "4th London Classic Open"]
[Site "London ENG"]
[Date "2012.12.01"]
[Round "1"]
[White "Guo,E"]
[Black "Ansell,S"]
[Result "0-1"]
[WhiteTitle "WIM"]
[BlackTitle "IM"]
[WhiteElo "2000"]
[BlackElo "2377"]
[WhiteFideId "3200795"]
[BlackFideId "402141"]
[EventDate "2012.12.01"]

1. d4 d6 2. Nf3 Bg4 3. g3 Bxf3 4. exf3 d5 5. Bg2 e6 6. O-O Nf6 7. f4 Be7 8. Nd2
O-O 9. b3 c5 10. Nf3 Nc6 11. Bb2 Nd7 12. Qd2 Bf6 13. Rfd1 Qb6 14. Ne5 Qc7 15.
Nxc6 bxc6 16. Rac1 cxd4 17. Bxd4 Bxd4 18. Qxd4 Rac8 19. c4 c5 20. Qd3 d4 21. Re1
g6 22. Re2 a5 23. Rce1 Rb8 24. f5 gxf5 25. Bh3 Kh8 26. Qf3 Nf6 27. Re5 Nd7 28.
R5e2 Qd8 29. Qf4 Rb6 30. f3 Rg8 31. Rg2 Qb8 32. Qh4 Qd8 33. Qf4 Rc6 34. g4 Qh4
35. Rg3 Nf8 36. Rf1 Ng6 0-1

[Event "4th London Classic Open"]
[Site "London ENG"]
[Date "2012.12.01"]
[Round "1"]
[White "Cannon,Ra"]
[Black "Weber,T"]
[Result "0-1"]
[BlackTitle "FM"]
[WhiteElo "1998"]
[BlackElo "2372"]
[WhiteFideId "408018"]
[BlackFideId "4000609"]
[EventDate "2012.12.01"]

1. e4 c5 2. Nf3 Nc6 3. d4 cxd4 4. Nxd4 g6 5. Nc3 Bg7 6. Be3 Nf6 7. Bc4 O-O 8.
Bb3 d6 9. h3 Bd7 10. O-O Rc8 11. f4 Qc7 12. Nf3 Qb8 13. Qe2 a6 14. a4 Na5 15.
Bd4 Nxb3 16. cxb3 Bc6 17. Rad1 b5 18. axb5 axb5 19. b4 Rfd8 20. e5 Nh5 21. e6 f6
22. Qd2 Ng3 23. Rfe1 Bxf3 24. gxf3 Nf5 25. Nd5 Qb7 26. Bf2 Bh6 27. Ra1 Ra8 28.
Rec1 Rxa1 29. Rxa1 Ra8 30. Rc1 Rc8 31. Ra1 Bxf4 32. Nxf4 Qxf3 33. Nd5 Qxh3 34.
Ra3 Qg4+ 35. Kh2 Rc4 36. Ra8+ Kg7 37. Re8 Qh5+ 38. Kg2 Rg4+ 39. Kf1 Qh1+ 40. Ke2
Re4+ 41. Be3 Rxe6 42. Rb8 Ng3+ 0-1

[Event "4th London Classic Open"]
[Site "London ENG"]
[Date "2012.12.01"]
[Round "1"]
[White "Bates,Ri"]
[Black "Obiamiwe,P"]
[Result "1-0"]
[WhiteTitle "IM"]
[WhiteElo "2370"]
[BlackElo "1997"]
[WhiteFideId "403555"]
[BlackFideId "8500215"]
[EventDate "2012.12.01"]

1. d4 Nf6 2. Nf3 g6 3. g3 Bg7 4. Bg2 O-O 5. O-O d6 6. c4 Nc6 7. Nc3 a6 8. b3 Rb8
9. Nd5 Nh5 10. Bb2 e6 11. Nc3 Nf6 12. Rc1 Bd7 13. e4 e5 14. d5 Nd4 15. Nxd4 exd4
16. Qxd4 Re8 17. Qd2 b5 18. cxb5 axb5 19. f3 Qc8 20. Nd1 b4 21. Nf2 Rb7 22. Rc2
Qa8 23. Rfc1 Rc8 24. f4 Qa7 25. e5 Ne8 26. Bd4 Qb8 27. e6 fxe6 28. dxe6 Bxe6 29.
Re1 Bf5 30. Bd5+ Kh8 31. Re7 Bxc2 32. Rxg7 Nxg7 33. Bxg7+ Kxg7 34. Qd4+ Kf8 35.
Qf6+ Ke8 36. Bc6# 1-0